000 00778nam a2200253 4500
003 MX-MxINE
005 20260601171015.0
008 260506b1974\\\\sp\|||||\||||\00|\0\spa\d
020 _a8470531077
040 _aICI
_bspa
_cICI
_erda
041 _aspa
050 _aB840
_bM662
100 _aMorris, Charles William
_d1901,
_eautor
_933739
245 1 _aLa significacion y lo significativo .
_bEstudio de las relaciones entre el signo y el valor.
264 1 _aMadrid :
_bAlberto Corazón,
_c1974
300 _a46 páginas
336 _2rdacontent
_atexto
337 _2rdamedia
_asin medio
338 _2rdacarrier
_avolumen
650 4 _aPalabras
_933740
650 4 _aSemántica (Filosofía)
_933741
700 _aCid Jesus Antonio
_etraductor
_933742
942 _2lcc
_n1
_cB
999 _c20647
_d20647